|
|
|
|
| LEADER |
00000naa a2200000uu 4500 |
| 001 |
vtls010961525 |
| 003 |
SK-MaSNL |
| 005 |
20260302121109.0 |
| 008 |
210909|2000 xo |||||||||||||||||slo| |
| 015 |
|
|
|a SNBRA
|
| 035 |
|
|
|a (urnnbn)urn:nbn:sk:snk:ar-a0bs6x
|
| 035 |
|
|
|a (uuid)5d78cb7c-a734-459f-a55e-d35d4349bdd3
|
| 035 |
|
|
|a urn:nbn:sk:snk-aaujuh
|
| 040 |
|
|
|a SNKBUCL
|b slo
|c SNKBUCL
|e AACR2
|
| 041 |
0 |
|
|a slo
|
| 044 |
|
|
|a xo
|c SK
|
| 100 |
1 |
|
|a Vollmannová, Alena,
|d 1959-
|4 aut
|9 10573
|
| 245 |
1 |
0 |
|a ZNIŽOVANIE NEGATÍVNEHO VPLYVU KADMIA NA ÚRODU NADZEMNEJ ČASTI BIOMASY BÔBU KONSKÉHO PÔSOBENÍM HUMUSOVÝCH LÁTOK
|c A. Vollmannová, L. Lahučký, M. Halásová, R. Stanovič
|
| 246 |
3 |
|
|a DECREASE OF NEGATIVE CD INFLUENCE ON THE UNDERGROUND MASS CROP OF BEAN BY USING HUMUS MATTERS
|
| 700 |
1 |
|
|a Lahučký, L.
|4 aut
|9 788201
|
| 700 |
1 |
|
|a Halásová, M.
|4 aut
|9 788194
|
| 700 |
1 |
|
|a Stanovič, Radovan,
|d 1971-
|4 aut
|9 65637
|
| 773 |
0 |
|
|t Aktuálne problémy riešené v agrokomplexe
|d V Nitre : Slovenská poľnohospodárska univerzita, 2000
|g S. 52-53
|z 8071378011
|
| 958 |
|
|
|a OND
|
| 958 |
|
|
|a article11
|
| 958 |
|
|
|a chapter
|
| 999 |
|
|
|c 1272521
|d 1274451
|